000
00273 a2200109 4500
040
_a
DLC
082
_a
912
100
_a
Dr. Javed Iqbal.
245
_a
Zinda Roud: Hayat-e-Iqbal ka ekhtatami dour
_c
Dr. Javed Iqbal.
700
_a
Iqbal, Muhammad.
942
_c
BK
_k
912 JAV
_2
ddc
999
_c
5160
_d
5160